Confronting Reality (Record no. 93696)

MARC details
000 -LEADER
fixed length control field 00570nam a2200205Ia 4500
005 - DATE AND TIME OF LATEST TRANSACTION
control field 20230224140810.0
008 - FIXED-LENGTH DATA ELEMENTS--GENERAL INFORMATION
fixed length control field 230125s9999 xx 000 0 und d
020 ## - INTERNATIONAL STANDARD BOOK NUMBER
International Standard Book Number 1-4000-5084-7
041 ## - LANGUAGE CODE
Language code of text/sound track or separate title eng
082 ## - DEWEY DECIMAL CLASSIFICATION NUMBER
Classification number 658.406
Item number BOS
100 ## - MAIN ENTRY--PERSONAL NAME
Author Bossidy L
245 ## - TITLE STATEMENT
Title Confronting Reality
Remainder of title Doing What Matters to Get Things Right
260 ## - PUBLICATION, DISTRIBUTION, ETC.
Date of publication, distribution, etc. 2004
Name of publisher, distributor, etc. Crown Business
Place of publication, distribution, etc. New York
300 ## - PHYSICAL DESCRIPTION
Extent 264p
500 ## - GENERAL NOTE
Keywords Change management
650 ## - SUBJECT ADDED ENTRY--TOPICAL TERM
Topical term or geographic name entry element Change management
700 ## - ADDED ENTRY--PERSONAL NAME
Personal name Bossidy L; Sudhir Tilloo, Donor & Charan R
942 ## - ADDED ENTRY ELEMENTS (KOHA)
Koha item type Donated Book
906 ## - LOCAL DATA ELEMENT F, LDF (RLIN)
b 397.5
Holdings
Withdrawn status Lost status Damaged status Not for loan Home library Current library Date acquired Vendor Net Price Full call number Barcode Date last seen Actual Price Bill Date Koha item type Original Barcode
        Smt. Hiraben Nanavati Institute of Management & Research for Women Smt. Hiraben Nanavati Institute of Management & Research for Women 23/06/2015 Donated Book- Outside Donar 795.00 658.406 BOS DB2093 HIMR-DB-2093 25/01/2023 397.50 25/01/2023 Donated Book DB2093